O Melhor Mãozinhas (Registo nº 201038)

Detalhes MARC
000 -Etiqueta do registo
Valores 00848nam 22002533 4500
010 ## - Número ISBN
ISBN 978-989-50-1272-5
021 ## - Número do Depósito Legal
Código do país Portugal
Número 289314/09
100 ## - Dados gerais de processamento
Dados gerais 20260306d u||y0pory50 ba
101 ## - Língua de publicação
Língua Português
200 ## - Titulo e menção de responsabilidade
Título próprio O Melhor Mãozinhas
Primeira menção de responsabilidade Marcy Kelman
Outras menções de responsabilidade Ilustração de Alan Batson ; Tradução de Maria João Rodrigues
210 ## - Publicação
Local de publicação Rio de Mouro
Nome do editor Everest Editora
Data de publicação 2009 (imp.)
215 ## - Descrição física 
Paginação / Volumes [34] p. : muito il.
Outras indicações físicas Encadernado
Dimensões 23 x 23 cm
225 ## - Colecção 
Título próprio da colecção Manny Mãozinhas
304 ## - Nota relativa ao título
Texto de nota Tít. orig.: The best repairman<br/>
327 ## - Nota de conteúdo
Texto da nota Com 8 cartões para brincar
606 ## - Nome comum usado como assunto
ID Autoridade 47
Palavra de ordem Literatura Infantil Americana
675 ## - CDU
Notação 821.111(73)-93/KEL/MEL
Edição PT
Língua por
700 ## - Autor principal (pessoa individual)
ID Autoridade 8320
Apelido Kelman
Nome Marcy
701 ## - Co-autor principal (pessoa individual)
ID Autoridade 13756
Apelido Batson
Nome Alan
801 ## - Fonte de origem
País PT
Agência BMMN
Regras de catalogação RPC
830 ## - Notas gerais do catalogador
Criado por Carlos Pinto
Data de criação 06-03-2026
Indexado por Carlos Pinto
990 ## - Elementos KOHA
Tipo de documento Livro
Exemplares
Situação do levantamento Biblioteca de origem Código de barras Cota Permissão de empréstimo Tipo de documento Forma de aquisição
  Biblioteca Escolar Ciborro 30316 821.111(73)-93/KEL/MEL   Livro Oferta

Powered by Koha